000 00280nam a22001337a 4500
003 SGT
020 _a9780465061884
082 _a327.2
_bCAH
100 _aCAHILL KEVIN M
245 _aPREVENTIVE DIPLOMACY
260 _aUSA
_bBASIC BOOKS
_c1996
300 _a370
942 _2ddc
_cBK
999 _c33443
_d33443